| 000 | 00464nam a2200181Ia 4500 | ||
|---|---|---|---|
| 008 | 230524s9999 xx 000 0 und d | ||
| 020 | _a9788177581232 | ||
| 082 |
_a645.12 _bSHA |
||
| 100 | _aIrving H.Shames | ||
| 245 | 0 | _aEngineering Mechanics Statics and Dynamics (840p) | |
| 250 | _a3RD | ||
| 260 |
_aNEW DELHI _bPearson _c2009 |
||
| 300 | _a840 | ||
| 500 | _aQuantity Number: 6 | ||
| 650 | _aMechanics | ||
| 700 | _a G.Krishna Mohana Rao | ||
| 942 | _cBK | ||
| 999 |
_c11992 _d11992 |
||